THE TRADE AND MERCHANDISE MARK ACT 1958 (Record no. 25539)

MARC details
000 -LEADER
fixed length control field 00321nam a22001457a 4500
003 - CONTROL NUMBER IDENTIFIER
control field SGT
020 ## - INTERNATIONAL STANDARD BOOK NUMBER
International Standard Book Number 8187162066
082 ## - DEWEY DECIMAL CLASSIFICATION NUMBER
Classification number 346.54
Item number SHA
100 ## - MAIN ENTRY--PERSONAL NAME
Personal name SHAVAKSHA K S
245 ## - TITLE STATEMENT
Title THE TRADE AND MERCHANDISE MARK ACT 1958
250 ## - EDITION STATEMENT
Edition statement 3
260 ## - PUBLICATION, DISTRIBUTION, ETC. (IMPRINT)
Place of publication, distribution, etc NEW DELHI
Name of publisher, distributor, etc BUTTERWORTH
Year of Publication 1999
300 ## - PAGE DESCRIPTION
No. of Pages 556
942 ## - ADDED ENTRY ELEMENTS (KOHA)
Source of classification or shelving scheme Dewey Decimal Classification
Koha item type Books
Holdings
Withdrawn status Lost status Source of classification or shelving scheme Damaged status Not for loan Collection code Home library Current library Shelving location Date acquired Cost, normal purchase price SGTU Total Checkouts Full call number Accession No. (Barcode) Date last seen Bill Date Koha item type
    Dewey Decimal Classification     LAW SGT Science & Social Sciences Library SGT Science & Social Sciences Library Text Book 29/12/2023 495.00 SGTU   346.54 SHA FL3193 29/12/2023 29/12/2023 Books